Biggest Germanized Cities of the Holy Roman Empire in 1500 on a Map - Statistics

General Stats
  • This quiz has been taken 167 times
  • The average score is 17 of 40
Answers on the Map
Answers color-coded by a green-red scale on the quiz's map according to % correct below.
 
Answer Stats
Population Cities % Correct
9,000 Berlin
96%
15,000 Hamburg
94%
23,000 Breslau (Wrocław)
91%
4,000 Dresden
90%
8,000 Leipzig
89%
25,000 Lübeck
86%
10,000 Stettin (Szczecin)
84%
10,000 Rostock
76%
9,000 Brünn (Brno)
75%
32,000 Magdeburg
75%
5,000 Frankfurt an der Oder
65%
4,000 Chemnitz
60%
9,000 Halle an der Saale
54%
12,000 Stralsund
52%
7,000 Brandenburg an der Havel
49%
10,000 Lüneburg
46%
4,000 Oppeln (Opole)
46%
12,000 Olmütz (Olomouc)
40%
9,000 Wismar
40%
7,000 Zwickau
39%
8,000 Görlitz
38%
5,000 Kolberg (Kołobrzeg)
31%
4,000 Stolp (Słupsk)
29%
5,000 Budissin (Bautzen)
28%
7,000 Glogau (Głogów)
28%
4,000 Eger (Cheb)
25%
9,000 Stendal
25%
5,000 Freiberg
23%
7,000 Neisse (Nysa)
19%
8,000 Guben
16%
5,000 Iglau (Jihlava)
16%
5,000 Zittau
16%
10,000 Kuttenberg (Kutná Hora)
14%
4,000 Glatz (Kłodzko)
13%
5,000 Schweidnitz (Świdnica)
13%
4,000 Salzwedel
11%
5,000 Naumburg
8%
4,000 Neuruppin
8%
5,000 Lauban (Lubań)
7%
6,000 Zerbst
7%
No matching quizzes found
Score Distribution
Percent of People with Each Score
Percentile by Number Answered
Your Score History
You have not taken this quiz